| 000 | 00503nam a22001697a 4500 | ||
|---|---|---|---|
| 005 | 20251108174956.0 | ||
| 008 | 250721s2010 xx 000 0 ara d | ||
| 082 | 1 | 4 | _a415/فلي |
| 100 | 1 | _aفليح، أحمد | |
| 245 | 1 | 0 | _aالمنصوبات في العربية توصيفاً و توظيفاً / |
| 264 |
_bالمركز القومي لنشر، _c2010. |
||
| 300 | _a186ص. | ||
| 650 | 1 | 7 | _aقواعد اللغة |
| 650 | 1 | 7 | _aاللغة العربية |
| 942 |
_2ddc _cBK |
||
| 999 |
_c122938 _d122938 |
||